000 01086nam a22003257a 4500
003 CHAP
005 20220329140859.0
008 971013s r 00010 d
010 _a59174
011 _a60146
035 _a64306
040 _cCHAP
090 _aFolleto 3166
110 _aPrograma de Aves Acuáticas en Marismas Nacionales. Mazatlán, Sin.
_992285
245 _aInforme, 19 - .
260 _a(Coyoacán, D.F.) :
_bDirección General de la Fauna Silvestre,
_c19 - .
300 _av.
_b: ilus.
500 _aLa biblioteca tiene: 1972
590 _aBATCH-UPD
_b10
_c20130110
_lUCH01
_h0724
590 _aBATCH-UPD
_b10
_c20130410
_lUCH01
_h0408
590 _aBATCH-UPD
_b10
_c20130914
_lUCH01
_h0439
590 _aCONVERSION
_b10
_c20130109
_lUCH01
_h1332
650 1 4 _aAves acuáticas.
_98631
650 1 4 _aVida silvestre
_xConservación.
_9119166
650 1 4 _aVida silvestre
_zMéxico.
_9119208
710 0 _aMéxico. Dirección General de la Fauna Silvestre.
_977004
901 _aBK
942 _cFOLL
949 _aFolleto 3166
_bBC
_cFOLL
_d-140068
_eTS1
_i64306
_mD
_si
999 _c59174
_d59174